[Event "Balatonalmadi Pannonia Cup 27th"]
[Site "Balatonalmadi"]
[Date "2019.07.28"]
[Round "7"]
[White "Takacs, Balazs"]
[Black "Csati, Oliver"]
[Result "1-0"]
[WhiteElo "2345"]
[BlackElo "2233"]
[PlyCount "117"]
[EventDate "2019.07.24"]
[EventType "swiss"]
[EventRounds "7"]
[EventCountry "HUN"]
[SourceTitle "CBM 191 Extra"]
[Source "ChessBase"]
[SourceDate "2019.09.30"]
[SourceVersion "1"]
[SourceVersionDate "2019.09.30"]
[SourceQuality "1"]

1. e4 c5 2. Nf3 Nc6 3. Bb5 g6 4. 0-0 Bg7 5. Re1 e5 6. Bxc6 dxc6 7. d3 h6 8. a3 g5 9. Nc3 Bg4 10. Be3 b6 11. b4 cxb4 12. axb4 Ne7 13. h3 Bxf3 14. Qxf3 f5 15. Qh5+ Kf8 16. exf5 e4 17. Nxe4 Bxa1 18. Rxa1 Qe8 19. Qxe8+ Kxe8 20. Bxb6 Nxf5 21. Rxa7 Rxa7 22. Bxa7 Kd7 23. Bc5 Ra8 24. Kf1 Ra1+ 25. Ke2 Rg1 26. g4 Ne7 27. f4 Rg2+ 28. Kf3 Rxc2 29. fxg5 hxg5 30. Nxg5 Ng6 31. d4 Rc3+ 32. Ke4 Nh4 33. d5 cxd5+ 34. Kxd5 Nf3 35. Nh7 Nh4 36. Nf6+ Kc8 37. Kc6 Rxh3 38. b5 Ng6 39. b6 Ne5+ 40. Kd5 Nxg4 41. Nxg4 Kb7 42. Ne5 Rh5 43. Kd4 Rh4+ 44. Kc3 Rh5 45. Kd4 Rh4+ 46. Kd5 Rh5 47. Bd4 Rh4 48. Nc4 Rh5+ 49. Be5 Rh6 50. Bc7 Rh5+ 51. Kd4 Rh4+ 52. Kc5 Rh5+ 53. Be5 Ka8 54. Kc6 Rh7 55. Bc7 Rh8 56. Nd6 Rg8 57. b7+ Ka7 58. Nc8+ Rxc8 59. bxc8R 1-0

[Event "Balatonalmadi Pannonia Cup 27th"]
[Site "Balatonalmadi"]
[Date "2019.07.25"]
[Round "2"]
[White "Forgacs, Attila Jr"]
[Black "Takacs, Balazs"]
[Result "0-1"]
[WhiteElo "2094"]
[BlackElo "2345"]
[PlyCount "170"]
[EventDate "2019.07.24"]
[EventType "swiss"]
[EventRounds "7"]
[EventCountry "HUN"]
[SourceTitle "CBM 191 Extra"]
[Source "ChessBase"]
[SourceDate "2019.09.30"]
[SourceVersion "1"]
[SourceVersionDate "2019.09.30"]
[SourceQuality "1"]

1. e4 g6 2. d4 Bg7 3. Nc3 d6 4. f4 e6 5. Nf3 Ne7 6. Bd3 a6 7. 0-0 0-0 8. Ne2 c5 9. c3 Nbc6 10. Be3 cxd4 11. cxd4 f5 12. e5 Nb4 13. Bc4 b5 14. Bb3 Qd7 15. Qd2 Nbd5 16. Bf2 Bb7 17. Rac1 a5 18. a3 Nb6 19. Rfd1 Bd5 20. Bxd5 Nexd5 21. Rc2 Nc4 22. Qc1 Rfc8 23. Nc3 Nxc3 24. Rxc3 d5 25. b3 b4 26. axb4 axb4 27. Rc2 Na3 28. Rxc8+ Rxc8 29. Qe3 Rc3 30. Rd3 Nc2 31. Qd2 Rc7 32. Ne1 Qc8 33. Nxc2 Rxc2 34. Qxb4 Qa6 35. Rd1 Bf8 36. Qa4 Qxa4 37. bxa4 Ra2 38. Rb1 Rxa4 39. g3 Bb4 40. Rc1 Ra7 41. Rc8+ Kf7 42. Rh8 Kg7 43. Re8 Be7 44. Kg2 h6 45. Kf3 Ra3+ 46. Ke2 Kf7 47. Rb8 Ra2+ 48. Kf3 Ra7 49. Rb6 Bd8 50. Rc6 Bc7 51. Ke2 Ke7 52. Rc2 Kd7 53. Kf3 Ra3+ 54. Ke2 Bb6 55. Be3 Ra1 56. Kd3 Ba5 57. Bd2 Ra3+ 58. Ke2 Bb6 59. Be3 Bd8 60. Bd2 Ra4 61. Kd3 Bb6 62. Be3 Ra1 63. Rc1 Rxc1 64. Bxc1 Kc6 65. Ba3 Kb5 66. Bf8 h5 67. Ba3 Ka4 68. Bc1 Kb3 69. Bd2 Bd8 70. h4 Be7 71. Be3 Bb4 72. Bf2 Kb2 73. Bg1 Be1 74. Bh2 Bf2 75. Ke2 Bxd4 76. Kd3 Bf2 77. Ke2 Bc5 78. Kd2 Kb1 79. Kd1 Be3 80. Ke2 d4 81. Kd1 d3 82. g4 hxg4 83. Bg3 Kb2 84. Bh2 Kc3 85. Bg3 Kd4 0-1

[Event "Balatonalmadi Pannonia Cup 27th"]
[Site "Balatonalmadi"]
[Date "2019.07.25"]
[Round "3"]
[White "Takacs, Balazs"]
[Black "Miszler, Levente"]
[Result "1/2-1/2"]
[WhiteElo "2345"]
[BlackElo "2179"]
[PlyCount "168"]
[EventDate "2019.07.24"]
[EventType "swiss"]
[EventRounds "7"]
[EventCountry "HUN"]
[SourceTitle "CBM 191 Extra"]
[Source "ChessBase"]
[SourceDate "2019.09.30"]
[SourceVersion "1"]
[SourceVersionDate "2019.09.30"]
[SourceQuality "1"]

1. e4 e6 2. f4 d5 3. e5 c5 4. Nf3 Nc6 5. c3 Nge7 6. Bd3 d4 7. Na3 Nd5 8. g3 h5 9. 0-0 Be7 10. Qe2 h4 11. Be4 a6 12. c4 Ndb4 13. d3 Bd7 14. g4 Qc7 15. Nb1 a5 16. Na3 Na7 17. f5 0-0-0 18. Bg5 Bxg5 19. Nxg5 Rdf8 20. fxe6 Bxe6 21. Bf5 Qe7 22. Bxe6+ fxe6 23. Ne4 Rxf1+ 24. Rxf1 Rf8 25. Rxf8+ Qxf8 26. Nd6+ Kb8 27. Qe4 Nac6 28. g5 g6 29. Nab5 Qg7 30. a3 Nc2 31. Qf4 Ne1 32. Qf6 Qxf6 33. exf6 Nf3+ 34. Kf2 Nxg5 35. f7 Nh7 36. Ne4 b6 37. Ng5 Nf8 38. Kf3 Kc8 39. Ke4 Kd7 40. Nf3 Ke7 41. Nxh4 Kxf7 42. Nd6+ Kf6 43. Nf3 g5 44. Nc8 Nd7 45. h4 gxh4 46. Nxh4 Nce5 47. Ng2 Ng4 48. Kf3 Nde5+ 49. Ke2 Nd7 50. Kf3 Nge5+ 51. Ke4 Nf7 52. Ne1 Ng5+ 53. Kf4 e5+ 54. Kg3 e4 55. dxe4 Nxe4+ 56. Kf4 Nd2 57. b4 Nxc4 58. Nxb6 Ndxb6 59. bxc5 Nd5+ 60. Ke4 Nc7 61. Kxd4 Nxa3 62. Nd3 Ke6 63. Nf4+ Kd7 64. Kc3 Nab5+ 65. Kb3 Nd4+ 66. Ka4 Nc6 67. Ne2 Ne6 68. Nc1 Ned4 69. Nd3 Ke6 70. Nf4+ Ke5 71. Ng6+ Kd5 72. Nf4+ Kxc5 73. Nd3+ Kc4 74. Ne5+ Kc3 75. Nd7 Ne6 76. Ne5 Nc5+ 77. Kb5 a4 78. Nxc6 a3 79. Nb4 Na6 80. Ka4 Kb2 81. Nd3+ Ka2 82. Nc1+ Kb2 83. Nd3+ Kc3 84. Kxa3 Kxd3 1/2-1/2

[Event "HUN-chT2 Charousek 1819"]
[Site "Hungary"]
[Date "2018.10.28"]
[Round "3.4"]
[White "Takacs, Balazs"]
[Black "Goczo, Melinda"]
[Result "0-1"]
[WhiteElo "2333"]
[BlackElo "2200"]
[PlyCount "66"]
[EventDate "2018.09.23"]
[EventType "team-tourn"]
[EventRounds "11"]
[EventCountry "HUN"]
[SourceTitle "CBM 189 Extra"]
[Source "ChessBase"]
[SourceDate "2019.06.03"]
[SourceVersion "1"]
[SourceVersionDate "2019.06.03"]
[SourceQuality "1"]
[WhiteTeam "Szentgotthard Alsoszolnok"]
[BlackTeam "Biatorbagy"]
[WhiteTeamCountry "HUN"]
[BlackTeamCountry "HUN"]

1. d4 Nf6 2. c3 d5 3. Bg5 Nbd7 4. Nd2 g6 5. e3 Bg7 6. f4 0-0 7. Bd3 c5 8. Ngf3 b6 9. Ne5 Bb7 10. Qf3 Ne8 11. Bh4 Nd6 12. 0-0 Nf6 13. Qh3 Nfe4 14. Rad1 Bc8 15. g4 f6 16. Nxg6 hxg6 17. dxc5 bxc5 18. Nxe4 dxe4 19. Bxe4 Nxe4 20. Rxd8 Rxd8 21. f5 g5 22. Qf3 Bb7 23. Be1 c4 24. b3 Rd3 25. Qe2 Rad8 26. Qb2 Nd2 27. Rf2 Nf3+ 28. Kf1 Rd1 29. Re2 Be4 30. Kf2 Nxe1 31. Qa3 Nd3+ 32. Kg3 Rg1+ 33. Kh3 Nf4+ 0-1

[Event "Steyr Landesliga 1718"]
[Site "Austria"]
[Date "2018.04.14"]
[Round "11.1"]
[White "Kiss, Attila"]
[Black "Takacs, Balazs"]
[Result "0-1"]
[WhiteElo "2357"]
[BlackElo "2357"]
[PlyCount "104"]
[EventDate "2017.09.30"]
[EventType "team-tourn"]
[EventRounds "11"]
[EventCountry "AUT"]
[SourceTitle "EXT 2021"]
[Source "ChessBase"]
[SourceDate "2020.10.23"]
[SourceVersion "1"]
[SourceVersionDate "2020.10.23"]
[SourceQuality "1"]
[WhiteTeam "Fuerstenfeld/Hartberg II"]
[BlackTeam "Soechau"]
[WhiteTeamCountry "AUT"]
[BlackTeamCountry "AUT"]

1. e4 e5 2. Nf3 Nf6 3. Nc3 Nc6 4. d4 exd4 5. Nxd4 Bb4 6. Nxc6 bxc6 7. Bd3 0-0 8. 0-0 d5 9. exd5 cxd5 10. h3 Be6 11. Qf3 Qd7 12. Bf4 Rfd8 13. Rad1 Bd6 14. Rfe1 Bxf4 15. Qxf4 Rab8 16. b3 c5 17. Na4 Rbc8 18. c4 d4 19. Rd2 Qd6 20. Qh4 Bd7 21. Nb2 Re8 22. Rde2 Rxe2 23. Rxe2 h6 24. Qg3 Qa6 25. Bb1 Qb6 26. Qd3 Qd6 27. Qg3 Qxg3 28. fxg3 Kf8 29. g4 Bc6 30. Kf2 Re8 31. Rxe8+ Kxe8 32. Bd3 Ke7 33. Bf1 Kd6 34. Nd3 Ne4+ 35. Ke1 Ng3 36. b4 cxb4 37. c5+ Kd5 38. Nxb4+ Kxc5 39. Nxc6 Kxc6 40. Bc4 f6 41. Kd2 Kc5 42. Bf7 Nf1+ 43. Ke2 Ne3 44. Kd3 Nxg2 45. Ke4 a5 46. Bb3 g6 47. Bf7 Nh4 48. Kf4 Kb4 49. Ke4 Kc3 50. Kd5 d3 51. Kc5 a4 52. Be8 a3 0-1

[Event "HUN-chT2 Charousek 1718"]
[Site "Hungary"]
[Date "2018.02.18"]
[Round "6.2"]
[White "Takacs, Balazs"]
[Black "Leventic, Ivan"]
[Result "1/2-1/2"]
[WhiteElo "2334"]
[BlackElo "2417"]
[PlyCount "60"]
[EventDate "2017.10.29"]
[EventType "team-tourn"]
[EventRounds "9"]
[EventCountry "HUN"]
[SourceTitle "EXT 2020"]
[Source "ChessBase"]
[SourceDate "2019.10.17"]
[SourceVersion "1"]
[SourceVersionDate "2019.10.17"]
[SourceQuality "1"]
[WhiteTeam "Szentgotthard Alsoszolnok"]
[BlackTeam "Komlo Banyasz"]
[WhiteTeamCountry "HUN"]
[BlackTeamCountry "HUN"]

1. e4 e5 2. Nf3 Nf6 3. Nxe5 d6 4. Nf3 Nxe4 5. d4 d5 6. Bd3 Be7 7. 0-0 Nd6 8. Re1 0-0 9. Bf4 Re8 10. c3 Nd7 11. Qc2 Nf8 12. Nbd2 g6 13. Rac1 Be6 14. b3 Nf5 15. Re2 Bd6 16. Bxd6 Qxd6 17. Rce1 Ng7 18. g3 Bg4 19. Rxe8 Rxe8 20. Rxe8 Nxe8 21. Ne5 Be6 22. b4 f6 23. Nef3 Qc6 24. Nb3 b6 25. b5 Qd7 26. a4 Nd6 27. Nfd2 c6 28. bxc6 Qxc6 29. a5 bxa5 30. Nxa5 Qc7 1/2-1/2

[Event "Steyr Landesliga 1718"]
[Site "Austria"]
[Date "2018.01.20"]
[Round "7.2"]
[White "Dietmayer Kraeutler, Marco"]
[Black "Takacs, Balazs"]
[Result "1/2-1/2"]
[WhiteElo "2272"]
[BlackElo "2357"]
[PlyCount "27"]
[EventDate "2017.09.30"]
[EventType "team-tourn"]
[EventRounds "11"]
[EventCountry "AUT"]
[SourceTitle "EXT 2019"]
[Source "ChessBase"]
[SourceDate "2018.10.10"]
[SourceVersion "1"]
[SourceVersionDate "2018.10.10"]
[SourceQuality "1"]
[WhiteTeam "Graz Schachgesellschaft"]
[BlackTeam "Soechau"]
[WhiteTeamCountry "AUT"]
[BlackTeamCountry "AUT"]

1. d4 Nf6 2. c4 e6 3. Nc3 Bb4 4. Qc2 0-0 5. a3 Bxc3+ 6. Qxc3 b6 7. Bg5 Bb7 8. f3 d6 9. e4 c5 10. d5 Nbd7 11. Nh3 h6 12. Be3 exd5 13. cxd5 Bxd5 14. 0-0-0 1/2-1/2

[Event "Steyr Landesliga 1718"]
[Site "Austria"]
[Date "2017.12.02"]
[Round "6.2"]
[White "Takacs, Balazs"]
[Black "Rieger, Robert"]
[Result "1/2-1/2"]
[WhiteElo "2357"]
[BlackElo "2301"]
[PlyCount "72"]
[EventDate "2017.09.30"]
[EventType "team-tourn"]
[EventRounds "11"]
[EventCountry "AUT"]
[SourceTitle "EXT 2019"]
[Source "ChessBase"]
[SourceDate "2018.10.10"]
[SourceVersion "1"]
[SourceVersionDate "2018.10.10"]
[SourceQuality "1"]
[WhiteTeam "Soechau"]
[BlackTeam "Leibnitz"]
[WhiteTeamCountry "AUT"]
[BlackTeamCountry "AUT"]

1. e4 c5 2. Nf3 e6 3. d4 cxd4 4. Nxd4 Nc6 5. Nc3 Qc7 6. Be2 a6 7. 0-0 Nf6 8. Be3 b5 9. Nxc6 dxc6 10. f4 e5 11. fxe5 Qxe5 12. Bf4 Qc5+ 13. Kh1 Be6 14. e5 Nd5 15. Nxd5 Bxd5 16. c4 bxc4 17. Rc1 Be7 18. b3 0-0 19. Bxc4 Qa5 20. Qg4 Kh8 21. Qe2 Bxc4 22. Rxc4 Qd5 23. Rd1 Qe6 24. Rdc1 c5 25. Re4 Rfd8 26. h3 Rd5 27. Qf3 Rad8 28. Rce1 Kg8 29. Qe2 g5 30. Bc1 Rd4 31. Qf3 R8d5 32. R4e2 c4 33. bxc4 Rxc4 34. Re4 Rxe4 35. Qxe4 Ra5 36. a4 Rc5 1/2-1/2

[Event "Steyr Landesliga 1718"]
[Site "Austria"]
[Date "2017.09.30"]
[Round "1.2"]
[White "Egger, Andreas"]
[Black "Takacs, Balazs"]
[Result "1/2-1/2"]
[WhiteElo "2079"]
[BlackElo "2357"]
[PlyCount "110"]
[EventDate "2017.09.30"]
[EventType "team-tourn"]
[EventRounds "11"]
[EventCountry "AUT"]
[SourceTitle "CBM 181 Extra"]
[Source "ChessBase"]
[SourceDate "2017.12.12"]
[SourceVersion "1"]
[SourceVersionDate "2017.12.12"]
[SourceQuality "1"]
[WhiteTeam "Spg ISR"]
[BlackTeam "Soechau"]
[WhiteTeamCountry "AUT"]
[BlackTeamCountry "AUT"]

1. Nf3 b6 2. e4 Bb7 3. Nc3 e6 4. a3 d5 5. exd5 exd5 6. d4 Nf6 7. Bd3 Be7 8. 0-0 0-0 9. Ne2 Ne4 10. Ne5 f6 11. Ng4 c5 12. c3 c4 13. Bc2 Qd7 14. Ne3 Bd6 15. f3 Ng5 16. h4 Ne6 17. f4 Re8 18. Rf3 Nc6 19. Nf5 Bc7 20. Rg3 Kh8 21. h5 Ne7 22. Nh4 Nf8 23. Bd2 Bc8 24. Qf1 Qd8 25. Re1 Ng8 26. Bf5 Nh6 27. Bxc8 Qxc8 28. Qf3 Nf5 29. Nxf5 Qxf5 30. Qg4 Qxg4 31. Rxg4 f5 32. Rh4 Kg8 33. Kf2 Kf7 34. Rhh1 Kf6 35. Kf3 Re6 36. g4 fxg4+ 37. Kxg4 Rae8 38. Ng3 Rxe1 39. Rxe1 Rxe1 40. Bxe1 g6 41. h6 Nd7 42. Nf1 Ke6 43. Bh4 Bd6 44. Ne3 Bf8 45. Bg5 b5 46. f5+ gxf5+ 47. Nxf5 Nb6 48. Bf4 Na4 49. Bc1 a5 50. Kg5 Nb6 51. Kg4 Nd7 52. Bg5 Nf6+ 53. Kf4 Nh5+ 54. Kg4 Nf6+ 55. Kf4 Nh5+ 1/2-1/2

[Event "Miercurea Ciuc Bancpost op 19th"]
[Site "Miercurea Ciuc"]
[Date "2016.08.16"]
[Round "3"]
[White "Torok, Francisco"]
[Black "Takacs, Balazs"]
[Result "0-1"]
[WhiteElo "2174"]
[BlackElo "2376"]
[PlyCount "120"]
[EventDate "2016.08.14"]
[EventType "swiss"]
[EventRounds "7"]
[EventCountry "ROU"]
[SourceTitle "EXT 2020"]
[Source "ChessBase"]
[SourceDate "2019.10.17"]
[SourceVersion "1"]
[SourceVersionDate "2019.10.17"]
[SourceQuality "1"]

1. d4 Nf6 2. c4 e6 3. Nc3 Bb4 4. Qb3 c5 5. Nf3 Nc6 6. e3 0-0 7. Bd2 d5 8. cxd5 exd5 9. dxc5 d4 10. exd4 Nxd4 11. Nxd4 Qxd4 12. 0-0-0 Be6 13. Qc2 Qxc5 14. a3 Bxc3 15. Bxc3 Rac8 16. Bd3 Nd5 17. Bxh7+ Kh8 18. Rxd5 Qxd5 19. Be4 Qa2 20. Kd2 Rfd8+ 21. Ke3 Bd5 22. f3 Bxe4 23. fxe4 Qe6 24. Kf3 Qe5 25. g3 Kg8 26. Re1 Qe6 27. Re3 Rc5 28. h4 Re8 29. g4 Rc4 30. Qd3 a6 31. h5 Rc5 32. e5 Rc4 33. Re4 Rec8 34. Rxc4 Qxc4 35. Qd7 Qc6+ 36. Qxc6 Rxc6 37. Ke4 Rc4+ 38. Kf5 Kf8 39. Bb4+ Ke8 40. Bc3 b6 41. g5 Rh4 42. e6 Rxh5 43. Bxg7 fxe6+ 44. Kxe6 Rxg5 45. Bd4 Rg6+ 46. Kd5 Kd7 47. Bc3 Rd6+ 48. Kc4 Kc6 49. a4 Rg6 50. Kb3 Kc5 51. Bb4+ Kd4 52. Bc3+ Kd3 53. Be5 Ke4 54. Bc3 Kd5 55. Bb4 Rg3+ 56. Ka2 Kc4 57. Be1 Rd3 58. Bf2 b5 59. axb5 axb5 60. Bh4 b4 0-1

[Event "Balaton GM 34th"]
[Site "Balatonboglar"]
[Date "2016.06.19"]
[Round "6"]
[White "Takacs, Balazs"]
[Black "Farago, Ivan"]
[Result "1-0"]
[WhiteElo "2385"]
[BlackElo "2391"]
[PlyCount "73"]
[EventDate "2016.06.14"]
[EventType "tourn"]
[EventRounds "9"]
[EventCountry "HUN"]
[EventCategory "8"]
[SourceTitle "CBM 173 Extra"]
[Source "ChessBase"]
[SourceDate "2016.08.29"]
[SourceVersion "1"]
[SourceVersionDate "2016.08.29"]
[SourceQuality "1"]

1. d4 e6 2. c4 Nf6 3. Nf3 b6 4. g3 Ba6 5. Qc2 Bb7 6. Bg2 Nc6 7. 0-0 Nb4 8. Qd1 c5 9. a3 Na6 10. d5 exd5 11. Nh4 g6 12. Nc3 Bg7 13. Nxd5 Nxd5 14. Bxd5 Bxd5 15. Qxd5 0-0 16. Bg5 Nc7 17. Qd2 Bf6 18. Bxf6 Qxf6 19. Rad1 Rfe8 20. Rfe1 Rad8 21. e4 Ne6 22. b3 Nd4 23. Qd3 Re7 24. Kg2 Rde8 25. Nf3 Nxf3 26. Qxf3 Qb2 27. a4 Kg7 28. Rd5 Qf6 29. Qd3 Qc6 30. Rd6 Qa8 31. f3 Qb7 32. h4 f5 33. e5 Kg8 34. h5 Kg7 35. hxg6 hxg6 36. Qd2 Rh8 37. Qg5 1-0

[Event "Balaton GM 34th"]
[Site "Balatonboglar"]
[Date "2016.06.17"]
[Round "4"]
[White "Takacs, Balazs"]
[Black "Horvath, Dominik"]
[Result "1-0"]
[WhiteElo "2385"]
[BlackElo "2314"]
[PlyCount "77"]
[EventDate "2016.06.14"]
[EventType "tourn"]
[EventRounds "9"]
[EventCountry "HUN"]
[EventCategory "8"]
[SourceTitle "CBM 173 Extra"]
[Source "ChessBase"]
[SourceDate "2016.08.29"]
[SourceVersion "1"]
[SourceVersionDate "2016.08.29"]
[SourceQuality "1"]

1. e4 c5 2. Nf3 e6 3. d4 cxd4 4. Nxd4 Nc6 5. Nc3 Qc7 6. g3 a6 7. Bg2 Nf6 8. 0-0 h5 9. Nxc6 dxc6 10. h3 Bc5 11. Qd3 e5 12. Na4 Ba7 13. Be3 b5 14. Nc5 Qe7 15. b4 Nd7 16. Rfd1 Nxc5 17. Bxc5 Bxc5 18. bxc5 Be6 19. Qc3 f6 20. Rd6 Kf7 21. Rad1 Qc7 22. f4 b4 23. Qxb4 Rhd8 24. fxe5 Rxd6 25. exd6 Qa7 26. a4 a5 27. Qd4 Rb8 28. c3 Qd7 29. Kh2 Rb2 30. Rd2 Rb1 31. e5 h4 32. Qxh4 fxe5 33. Qh5+ Kg8 34. Be4 Rf1 35. Rb2 Qd8 36. Qh7+ Kf8 37. Qh8+ Bg8 38. Bh7 Kf7 39. Bxg8+ 1-0

[Event "Heviz op 12th"]
[Site "Heviz"]
[Date "2016.04.13"]
[Round "8"]
[White "Nagy, Gabor"]
[Black "Takacs, Balazs"]
[Result "1/2-1/2"]
[WhiteElo "2438"]
[BlackElo "2390"]
[PlyCount "23"]
[EventDate "2016.04.06"]
[EventType "swiss"]
[EventRounds "9"]
[EventCountry "HUN"]
[SourceTitle "CBM 171 Extra"]
[Source "ChessBase"]
[SourceDate "2016.04.26"]
[SourceVersion "1"]
[SourceVersionDate "2016.04.26"]
[SourceQuality "1"]

1. Nf3 Nf6 2. c4 c6 3. d4 d5 4. cxd5 cxd5 5. Nc3 Nc6 6. Bf4 a6 7. e3 e6 8. Bd3 Bd6 9. Bxd6 Qxd6 10. 0-0 0-0 11. Rc1 b5 12. a3 1/2-1/2

[Event "Heviz op 12th"]
[Site "Heviz"]
[Date "2016.04.10"]
[Round "5"]
[White "Borsos, Bogdan"]
[Black "Takacs, Balazs"]
[Result "1/2-1/2"]
[WhiteElo "2252"]
[BlackElo "2390"]
[PlyCount "29"]
[EventDate "2016.04.06"]
[EventType "swiss"]
[EventRounds "9"]
[EventCountry "HUN"]
[SourceTitle "CBM 171 Extra"]
[Source "ChessBase"]
[SourceDate "2016.04.26"]
[SourceVersion "1"]
[SourceVersionDate "2016.04.26"]
[SourceQuality "1"]

1. d4 Nf6 2. c4 e6 3. g3 d5 4. Nf3 dxc4 5. Bg2 Bb4+ 6. Bd2 a5 7. 0-0 0-0 8. Bg5 h6 9. Bxf6 Qxf6 10. a3 Bd6 11. Nbd2 e5 12. Nxc4 Nc6 13. dxe5 Bxe5 14. Ncxe5 Nxe5 15. Qc2 1/2-1/2

[Event "Heviz op 12th"]
[Site "Heviz"]
[Date "2016.04.07"]
[Round "2"]
[White "Robertsen, Thomas"]
[Black "Takacs, Balazs"]
[Result "1/2-1/2"]
[WhiteElo "2191"]
[BlackElo "2390"]
[PlyCount "21"]
[EventDate "2016.04.06"]
[EventType "swiss"]
[EventRounds "9"]
[EventCountry "HUN"]
[SourceTitle "CBM 171 Extra"]
[Source "ChessBase"]
[SourceDate "2016.04.26"]
[SourceVersion "1"]
[SourceVersionDate "2016.04.26"]
[SourceQuality "1"]

1. e4 e5 2. Nf3 Nc6 3. Bc4 Bc5 4. 0-0 Nf6 5. d4 Bxd4 6. Nxd4 Nxd4 7. f4 d6 8. fxe5 dxe5 9. Bg5 Ne6 10. Qxd8+ Nxd8 11. Bxf6 1/2-1/2

[Event "Heviz IM 11th"]
[Site "Heviz"]
[Date "2015.10.05"]
[Round "4"]
[White "Ianov, Viktor"]
[Black "Takacs, Balazs"]
[Result "1-0"]
[WhiteElo "2308"]
[BlackElo "2396"]
[PlyCount "95"]
[EventDate "2015.10.02"]
[EventType "tourn"]
[EventRounds "9"]
[EventCountry "HUN"]
[EventCategory "3"]
[SourceTitle "CBM 169 Extra"]
[Source "ChessBase"]
[SourceDate "2015.12.18"]
[SourceVersion "1"]
[SourceVersionDate "2015.12.18"]
[SourceQuality "1"]

1. c4 Nf6 2. d4 e6 3. Nf3 b6 4. g3 Bb7 5. Bg2 Be7 6. 0-0 c6 7. Nc3 d5 8. Ne5 Nfd7 9. Nxd7 Nxd7 10. Qd3 0-0 11. Rd1 Nf6 12. Bf4 Qd7 13. e4 dxe4 14. Nxe4 Rfd8 15. Qc2 h6 16. c5 b5 17. a3 a5 18. b3 Nd5 19. Bd6 b4 20. axb4 axb4 21. Bxe7 Qxe7 22. Nd6 Nc3 23. Re1 Qc7 24. Qd3 Rdb8 25. Qc4 Na2 26. Bh3 Bc8 27. Bg4 g6 28. h4 h5 29. Bf3 Bd7 30. Kg2 Rf8 31. Re5 Kg7 32. Rae1 f6 33. R5e3 Rab8 34. Ne4 Rb7 35. Nd6 Rbb8 36. Rxe6 Bxe6 37. Qxe6 Nc3 38. Qe7+ Qxe7 39. Rxe7+ Kg8 40. Bxc6 Rfd8 41. Kf3 Rf8 42. Ke3 Kh8 43. Kd3 f5 44. f4 Rf6 45. Kc4 Kg8 46. Bb7 Rd8 47. Kxb4 Kf8 48. Re5 1-0

[Event "Heviz IM 11th"]
[Site "Heviz"]
[Date "2015.10.03"]
[Round "2"]
[White "Habibi, Ali"]
[Black "Takacs, Balazs"]
[Result "0-1"]
[WhiteElo "2249"]
[BlackElo "2396"]
[PlyCount "78"]
[EventDate "2015.10.02"]
[EventType "tourn"]
[EventRounds "9"]
[EventCountry "HUN"]
[EventCategory "3"]
[SourceTitle "CBM 169 Extra"]
[Source "ChessBase"]
[SourceDate "2015.12.18"]
[SourceVersion "1"]
[SourceVersionDate "2015.12.18"]
[SourceQuality "1"]

1. Nf3 d5 2. c4 c6 3. Qc2 Nf6 4. d3 e6 5. g3 Be7 6. Bg2 0-0 7. 0-0 b6 8. b3 Bb7 9. Bb2 c5 10. Nbd2 Nc6 11. Rac1 d4 12. a3 Qd7 13. Qb1 a5 14. Rfd1 Rad8 15. Nf1 Nh5 16. e3 e5 17. exd4 exd4 18. Re1 Bd6 19. Rc2 Ne7 20. Qd1 Nf6 21. Rce2 Ng6 22. N1d2 Bc6 23. b4 cxb4 24. Bxd4 Bc5 25. Bxf6 gxf6 26. Nb3 Qb7 27. Rd2 Be7 28. d4 bxa3 29. d5 Ba4 30. d6 Bxd6 31. Re3 Qc7 32. Red3 Be7 33. Nfd4 Qxc4 34. Bf1 Bb4 35. Nf5 Bxb3 36. Qh5 Bxd2 37. Rxd2 Qc5 38. Rd3 Rxd3 39. Bxd3 a2 0-1

[Event "HUN-chT2 Charousek 1415"]
[Site "Hungary"]
[Date "2014.12.14"]
[Round "4"]
[White "Galyas, Miklos"]
[Black "Takacs, Balazs"]
[Result "1/2-1/2"]
[WhiteElo "2421"]
[BlackElo "2373"]
[PlyCount "97"]
[EventDate "2014.10.12"]
[EventType "team-tourn"]
[EventRounds "9"]
[EventCountry "HUN"]
[SourceTitle "EXT 2016"]
[Source "ChessBase"]
[SourceDate "2015.10.08"]
[SourceVersion "1"]
[SourceVersionDate "2015.10.08"]
[SourceQuality "1"]
[WhiteTeam "Aquaprofit II"]
[BlackTeam "SZASTE"]
[WhiteTeamCountry "HUN"]
[BlackTeamCountry "HUN"]

1. Nf3 Nf6 2. c4 c6 3. Nc3 d5 4. e3 e6 5. b3 Be7 6. Bb2 0-0 7. d4 b6 8. Bd3 Bb7 9. 0-0 dxc4 10. bxc4 c5 11. Qe2 Nbd7 12. Rad1 cxd4 13. exd4 Re8 14. Ne5 Qc7 15. Nb5 Qc8 16. f4 a6 17. Nc3 b5 18. c5 b4 19. Ne4 Bxe4 20. Bxe4 Nxe4 21. Qxe4 Nxe5 22. fxe5 Qd7 23. Bc1 f5 24. Qf3 Rad8 25. Qb3 a5 26. Be3 Rf8 27. Qc4 Qd5 28. Qxd5 Rxd5 29. Rb1 h6 30. Rfc1 Bg5 31. Bxg5 hxg5 32. Rc4 Rfd8 33. c6 Rc8 34. Kf2 Rb5 35. Ke3 Rb6 36. Rbc1 a4 37. Kd3 b3 38. Rxa4 bxa2 39. Rxa2 Rbxc6 40. Rxc6 Rxc6 41. Ra7 Kf8 42. Rd7 Rc1 43. d5 Re1 44. dxe6 Rxe5 45. Rf7+ Kg8 46. Kd4 Rxe6 47. Rxf5 Rh6 48. h3 g4 49. hxg4 1/2-1/2